[Event "San Francisco TNM Fall op"]
[Site "San Francisco"]
[Date "2012.10.30"]
[Round "3"]
[White "Matchen, George"]
[Black "Byambaa, Uyanga"]
[Result "1/2-1/2"]
[WhiteElo "1584"]
[BlackElo "2093"]
[PlyCount "145"]
[EventDate "2012.10.16"]
[EventType "swiss"]
[EventRounds "9"]
[EventCountry "USA"]
[SourceTitle "EXT 2014"]
[Source "ChessBase"]
[SourceDate "2013.11.20"]
[SourceVersion "1"]
[SourceVersionDate "2013.11.20"]
[SourceQuality "1"]

1. e4 c5 2. c3 Nf6 3. e5 Nd5 4. d4 cxd4 5. Qxd4 e6 6. Nf3 Nc6 7. Qe4 d6 8. Nbd2 dxe5 9. Nxe5 Be7 10. Bb5 Qc7 11. Ndf3 0-0 12. 0-0 Bf6 13. Bd3 g6 14. Ng4 Bg7 15. Nh6+ Kh8 16. Qh4 f5 17. Ng5 Bf6 18. Re1 a6 19. Rb1 b5 20. Bd2 Ra7 21. c4 Ndb4 22. Bf1 Nc2 23. Rec1 N2d4 24. cxb5 axb5 25. Bc3 Qe7 26. Bxd4 Nxd4 27. Rxc8 Rxc8 28. Nhf7+ Kg8 29. Qxh7+ Kf8 30. Qh6+ Bg7 31. Qxg6 Qxf7 32. Nxf7 Rxf7 33. Qg3 Bf6 34. Qd6+ Kg8 35. Bxb5 Nxb5 36. Qxe6 Rc5 37. b4 Re5 38. Qc8+ Kg7 39. a4 Rc7 40. Qb8 Rce7 41. g3 Nc3 42. Rf1 Nxa4 43. Ra1 Nc3 44. Ra7 Rxa7 45. Qxa7+ Re7 46. Qc5 f4 47. Qh5 Rb7 48. Qg4+ Kf7 49. Qh5+ Kg7 50. gxf4 Rxb4 51. f5 Nd5 52. Qg6+ Kf8 53. Qh6+ Ke7 54. Qc1 Kd6 55. Qe1 Be5 56. Qd2 Rh4 57. Qg5 Rxh2 58. Qd8+ Kc5 59. Qc8+ Kd4 60. Qd7 Ke4 61. Qe6 Rh5 62. f3+ Kd4 63. Kf2 Rh2+ 64. Kg1 Re2 65. Qa6 Ke3 66. Qc6 Rd2 67. Qc5+ Kxf3 68. Qa3+ Ne3 69. Qb3 Rg2+ 70. Kh1 Rh2+ 71. Kg1 Rb2 72. Qxb2 Bxb2 73. Kh2 1/2-1/2